000 00257nam a2200109Ia 4500
008 190216s9999||||xx |||||||||||||| ||und||
100 _aC J Smaraka Prasanga Samithi
245 0 _aMalayalam-Novel
260 _bNbs Kottayam
650 _aPadanam
942 _cBK
999 _c24589
_d24589